| 000 | 01682cam a22004695a 4500 | ||
|---|---|---|---|
| 999 |
_c12885 _d12885 |
||
| 001 | 14095379 | ||
| 003 | EG-ScBUE | ||
| 005 | 20210608114516.0 | ||
| 006 | a||||fr|||| 00| 0 | ||
| 008 | 050901s2010 si a f 001 0 eng d | ||
| 020 | _a9810681348 | ||
| 020 | _a9789810681340 | ||
| 020 | _a9789810683955(student access kit) | ||
| 035 | _a(CStRLIN)PASGA2867290-B | ||
| 035 | _a(PSt) (Sirsi) a2867290 | ||
| 040 |
_aSISPL _beng _erda _cSISPL _dPSt _dDLC _dEG-ScBUE |
||
| 082 | 0 | 4 |
_a620.103 _bHIB _222 |
| 100 | 1 |
_aHibbeler, R. C., _eauthor. _99263 |
|
| 245 | 1 | 0 |
_aEngineering Mechanics : _bStatics / _cR.C. Hibbeler ; SI conversion by S. C. Fan, Nanyang Technological University. |
| 250 | _aTwelfth edition. | ||
| 264 | 1 |
_aJurong, Singapore : _bPearson Education, Prentice Hall, _c2010. |
|
| 300 | 6 |
_axxii; 655 pages : _bcolor illustrations ; _c24 cm. + _e1 CD |
|
| 336 |
_2rdacontent _atext _btxt |
||
| 336 |
_asounds _bsnd _2rdacontent |
||
| 337 |
_2rdamedia _aunmediated _bn |
||
| 337 |
_2rdamedia _aaudio _bs |
||
| 338 |
_2rdacarrier _avolume _bnc |
||
| 338 |
_2rdacarrier _acomputer disc _bcd |
||
| 500 | _aIncludes index. | ||
| 590 | _adoaa mohamed | ||
| 650 | 7 |
_aMechanics, Applied. _2BUEsh _99264 |
|
| 650 | 7 |
_aStatics. _2BUEsh _99265 |
|
| 650 | 7 |
_aDynamics. _2BUEsh _99266 |
|
| 651 | _2BUEsh | ||
| 653 |
_bENGGEN _cOctober2011 |
||
| 655 |
_vReading book _934232 |
||
| 700 | 1 |
_aFan, S. C., _eauthor. |
|
| 856 |
_3Online materials _uhttp://www.masterengineering.com _zFor obtaining access codes, please call the library on Ext. 1372 |
||
| 942 |
_2ddc _cBB |
||